|
|
|
|
| LEADER |
01725nam a22002657a 4500 |
| 001 |
36961 |
| 003 |
BD-DhAAL |
| 005 |
20251027113730.0 |
| 008 |
200129t2019 bg ||||| |||| 00| 0 ben d |
| 040 |
|
|
|a BD-DhAAL
|c BD-DhAAL
|
| 041 |
|
|
|a ben
|
| 082 |
|
|
|a 891.44
|2 23
|
| 245 |
|
|
|a বাংলা ভাষা ও সাহিত্য :
|n BNG 103 /
|c ব্র্যাক ইনস্টিটিউট অব ল্যাঙ্গুয়েজ, ব্র্যাক ইউনিভার্সিটি
|
| 260 |
|
|
|a ঢাকা :
|b ব্র্যাক ইনস্টিটিউট অব ল্যাঙ্গুয়েজ, ব্র্যাক ইউনিভার্সিটি,
|c ২০১৯
|
| 300 |
|
|
|a ১১৬ পৃষ্ঠা ;
|b ২২ সে.মি.
|
| 541 |
|
|
|a Complimentary copy from BIL
|e 36961, 36962, 36976
|
| 650 |
|
|
|a Bengali literature.
|9 36566
|
| 650 |
|
|
|a Bengali language.
|
| 710 |
|
|
|a ব্র্যাক ইনস্টিটিউট অব ল্যাঙ্গুয়েজ,
|b ব্র্যাক ইউনিভার্সিটি
|9 39178
|
| 852 |
|
|
|a Ayesha Abed Library
|c General Stacks
|
| 942 |
|
|
|2 ddc
|c BK
|
| 999 |
|
|
|c 42188
|d 42188
|
| 952 |
|
|
|0 0
|1 0
|2 ddc
|4 0
|6 891_440000000000000_BAN
|7 0
|9 67789
|a BRACUL
|b BRACUL
|c GEN
|d 2020-01-29
|e Complimentary copy from BIL
|l 0
|o 891.44 BAN
|p 3010036961
|r 2020-01-29
|t 1
|w 2020-01-29
|y BK
|
| 952 |
|
|
|0 0
|1 0
|2 ddc
|4 0
|6 891_440000000000000_BAN
|7 0
|9 67790
|a BRACUL
|b BRACUL
|c GEN
|d 2020-01-29
|e Complimentary copy from BIL
|l 0
|o 891.44 BAN
|p 3010036962
|r 2020-01-29
|t 2
|w 2020-01-29
|y BK
|
| 952 |
|
|
|0 0
|1 0
|2 ddc
|4 0
|6 891_440000000000000_BAN
|7 0
|9 67803
|a BRACUL
|b BRACUL
|c GEN
|d 2020-02-02
|e Complimentary copy from BIL
|l 0
|o 891.44 BAN
|p 3010036976
|r 2020-02-04
|t 3
|w 2020-02-04
|y BK
|